| 000 | 01018nam2a22002531 4500 | ||
|---|---|---|---|
| 001 | v19\rc\1800381 | ||
| 005 | 20250619123037.0 | ||
| 035 | _a(NLR Aleph) 004903490 | ||
| 090 |
_a5400350 _c5400350 |
||
| 100 | _a20071130d1909 |||y0rusy50 ca | ||
| 101 | 1 |
_arus _cnor |
|
| 102 | _aRU | ||
| 105 | _ay z ||||| | ||
| 200 | 1 |
_aЗагадки и тайны _e(Мистерии) _fПер. А. Соколовой |
|
| 210 |
_d1909 _aБ. м. |
||
| 215 | _a[6], 453 с. | ||
| 461 | 0 |
_1001v19\rc\1800372 _12001#$a...Полное собрание сочинений$fКнут Гамсун$vТ. 9 _1700#1$aГамсун$bК.$f1859-1952$gКнут _95400257 _aГамсун, К. (1859-1952) _cМосква _d1907-1911 _e[2-е изд.]. Т. 1- _fКнут Гамсун _nВ.М. Саблин _tПолное собрание сочинений _vТ. 9 |
|
| 702 | 1 |
_aСоколова _bА. _4730 |
|
| 801 | 0 |
_aRU _bNLR _gpsbo |
|
| 801 | 0 |
_aRU _bRuMoRGB _2psbo |
|
| 801 | 1 |
_aRU _bProSoft-M _2rusmarc |
|
| 852 |
_aNLR _j38.76.5.42 |
||
| 942 | _cBOOK | ||
| 980 | _aNB | ||